Analýza stavu poľnohospodárskych pôd Slovenska z hľadiska trvalo udržateľného vývoja a stabilizácie výmery najkvalitnejších poľnohospodárskych pôd rozhodujúcich pre slovenské poľnohospodárstvo

Bibliographic Details
Format: Article
Language:Slovak
PhysicalDescription:Tab.
ISSN:1335-7808
Subjects:

MARC

LEADER 00000nab a2200000 a 4500
001 vtls009163357
003 SK-MaSNL
005 20260426085617.0
008 250507c2007 xo |||||||||||000 b|slo
015 |a SNBRB2007/11  |2 snkbucl 
035 |a (uuid)2c20a228-2020-4b35-875d-12b2ba5be5ac 
035 |a urn:nbn:sk:snk-ab11ae 
035 |a (urnnbn)urn:nbn:sk:snk:ar-a03nde 
038 |a SNKBUCL 
040 |a SNKBUCL  |b slo  |c SNKBUCL  |e AACR2 
041 0 |a slo 
044 |a xo  |c SK 
080 |a 502.171:502.521  |x (437.6)  |2 2001 
080 |a 502.131.1  |2 2001 
080 |a 502.521  |2 2001 
080 |a 631.44  |2 2001 
245 0 0 |a Analýza stavu poľnohospodárskych pôd Slovenska z hľadiska trvalo udržateľného vývoja a stabilizácie výmery najkvalitnejších poľnohospodárskych pôd rozhodujúcich pre slovenské poľnohospodárstvo 
300 |b Tab. 
500 |a Spracované podľa materiálov MP SR 
650 0 7 |a poľnohospodárska pôda  |2 SNKPH  |9 31794 
650 0 7 |a trvalo udržateľný rozvoj  |2 SNKPH  |9 3353 
650 0 7 |a ochrana pôdy  |2 SNKPH  |9 4189 
651 7 |a Slovensko  |2 snkbucl  |9 14231 
773 0 |t Odpady  |g Roč. 7, č. 8 (2007), s. 28-34  |x 1335-7808 
850 |a Slovenská národná knižnica 
852 |a Slovenská národná knižnica 
954 |a odborná, vedecká literatúra pôvodná (slovenská)  |2 lita 
958 |a article2022 
958 |a SK 
958 |a OND 
958 |a EUIPO 
999 |c 2968049  |d 2969979